Riconosci il Pokémon - Quiz n°519 - Statistics

Statistiche generali
  • Questo quiz è stato fatto 3 volte
  • Il punteggio medio è 10 su 10
Statistiche sulle risposte
Indizio Risposta % Corretto
Altezza 0,7 m
100%
Tasso di cattura 190 (35.2%)
100%
Peso 35,0 kg
100%
Sesso 50% ♂, 50% ♀
100%
Stadio evoluzione Forma Base
100%
Tipo Fuoco
100%
Abilità Magmascudo; Corpodifuoco; Sottilguscio
100%
Tasso di allevamento Medio-Veloce
100%
Generazione Seconda
100%
Pokémon Slugma
50%
Nessun quiz corrispondente trovato
Distribuzione punteggi
Percentuale di utenti per punteggio
Percentile per numero di risposta
I tuoi punteggi nel tempo
Non hai fatto questo quiz